书目信息 |
| 题名: |
中成药安全应用手册
|
|
| 作者: | 王丽霞 主编 | |
| 分册: | ||
| 出版信息: | 北京 化学工业出版社 2006 |
|
| 页数: | 16,307页 | |
| 开本: | 19cm | |
| 丛书名: | 临床药学系列图书 | |
| 单 册: | ||
| 中图分类: | R286-62 | |
| 科图分类: | ||
| 主题词: | 中成药--用药法--手册 , 中成药 , 用药法 | |
| 电子资源: | ||
| ISBN: | 7-5025-7784-X | |
| 000 | 00979oam2 2200277 450 | |
| 001 | 012007601475 | |
| 005 | 20070517143033.57 | |
| 010 | @a7-5025-7784-X@dCNY26.00 | |
| 100 | @a20070516d2006 km y0chiy0120 ea | |
| 101 | 0 | @achi |
| 102 | @aCN@b110000 | |
| 105 | @ay z 000yy | |
| 106 | @ar | |
| 200 | 1 | @a中成药安全应用手册@Azhong cheng yao an quan ying yong shou ce@f王丽霞主编@Fwang li xia zhu bian |
| 210 | @a北京@c化学工业出版社@d2006 | |
| 215 | @a16,307页@d19cm | |
| 225 | 2 | @a临床药学系列图书 |
| 330 | @a本书涉及445种常用中成药,将中成药名称按笔画排序,每一个中成药按药品名称、药物组成、功能主治、用法用量、不良反应、使用注意、制剂规格进行介绍。专设附录收录了含西药成分的中成药,包括所含的西药名称、剂量简表、使用注意等。 | |
| 461 | 0 | @12001 @a临床药学系列图书 |
| 606 | 0 | @a中成药@x用药法@j手册 |
| 606 | 0 | @a中成药 |
| 606 | 0 | @a用药法 |
| 690 | @aR286-62@v4 | |
| 701 | 0 | @a王丽霞@Awang li xia@4主编 |
| 801 | 0 | @aCN@bRULIN@c20070517 |
| 905 | @dR286-62@e209@s8 | |
| 中成药安全应用手册/王丽霞主编.-北京:化学工业出版社,2006 |
| 16,307页;19cm.-(临床药学系列图书) |
| ISBN 7-5025-7784-X:CNY26.00 |
| 本书涉及445种常用中成药,将中成药名称按笔画排序,每一个中成药按药品名称、药物组成、功能主治、用法用量、不良反应、使用注意、制剂规格进行介绍。专设附录收录了含西药成分的中成药,包括所含的西药名称、剂量简表、使用注意等。 |
| ● |
| 相关链接 |
|
|
|
|
正题名:中成药安全应用手册
索取号:R286-62/209
 
预约/预借
| 序号 | 登录号 | 条形码 | 馆藏地/架位号 | 状态 | 备注 |
| 1 | 0574789 | 205747897 | 第二样本阅览室/ [索取号:R286-62/209] | 在馆 | |
| 2 | 0574790 | 205747904 | 第三借阅区/ [索取号:R286-62/209] | 在馆 | |
| 3 | 0574791 | 205747913 | 第三借阅区/ [索取号:R286-62/209] | 在馆 | |
| 4 | 0574792 | 205747922 | 教育系资料室/ [索取号:R286-62/209] | 在馆 | |
| 5 | 0574793 | 205747931 | 第三借阅区/ [索取号:R286-62/209] | 在馆 | |
| 6 | 0574794 | 205747940 | 第三借阅区/ [索取号:R286-62/209] | 在馆 | |
| 7 | 0574795 | 205747959 | 教育系资料室/ [索取号:R286-62/209] | 在馆 | |
| 8 | 0574796 | 205747968 | 教育系资料室/ [索取号:R286-62/209] | 在馆 |